000 00832nas a2200277 4500
001 BR0706465
003 BR-BrBNA
005 20231205111015.0
007 ta
008 230509b bl.|||p| |||| 00| 00por d
040 _aBR-BrBNA
_bpor
_cBiblioteca Nacional de Agricultura
041 _a(En)
072 _aF62; F06
100 1 _aCampos, C.A.B.
100 1 _aFernandes, P.D.
100 1 _aGheyi, H.R.
100 1 _aBlanco, F.F.
245 1 _aTomato growth and dry matter partioning as a function of the irrigation water quality
650 _aTOMATE
650 _aMATÉRICA SECA
650 _aCRESCIMENTO
650 _aIRRIGAÇÃO
773 0 _tRevista Ciência Agronômica (Brazil)
_xISSN 0045-6888
_g(Jul-Sep 2007), v. 38(3) p. 239-246
_wBR0706465
909 _a202311
_bLúcia
_c55
_dLúcia Elande
942 _2AGRIS
_n0
_cANA
999 _c190151
_d190151